[Event "Bad Pyrmont Pape op-B 2nd"]
[Site "Bad Pyrmont"]
[Date "2023.08.13"]
[Round "7"]
[White "Drews, Nicolas"]
[Black "Burnus, Finn Crispin"]
[Result "1/2-1/2"]
[WhiteElo "1621"]
[BlackElo "1466"]
[PlyCount "58"]
[EventDate "2023.08.10"]
[EventType "swiss"]
[EventCountry "GER"]
[SourceTitle "EXT 2024"]
[Source "ChessBase"]
[SourceDate "2023.10.10"]
[SourceVersion "1"]
[SourceVersionDate "2023.10.10"]
[SourceQuality "1"]

1. d4 Nf6 2. c4 e6 3. g3 d5 4. Nf3 Bb4+ 5. Bd2 Be7 6. Bg2 0-0 7. 0-0 dxc4 8. Qc2 a6 9. a4 c5 10. dxc5 Bxc5 11. Qxc4 Qe7 12. Bg5 Ba7 13. Nc3 h6 14. Bxf6 Qxf6 15. Rfd1 Nc6 16. e3 e5 17. Ne4 Qe7 18. Nd6 Be6 19. Qc3 Rfd8 20. Nc4 f6 21. h3 Rd7 22. Rd2 Rad8 23. Rad1 Rxd2 24. Rxd2 Rxd2 25. Nfxd2 Qd7 26. h4 Kh8 27. Kh2 Bc5 28. Nb3 Ba7 29. Nbd2 Bc5 1/2-1/2

[Event "Bad Pyrmont Pape op-B 2nd"]
[Site "Bad Pyrmont"]
[Date "2023.08.13"]
[Round "6"]
[White "Drews, Nicolas"]
[Black "Norby, Peter H"]
[Result "1-0"]
[WhiteElo "1621"]
[BlackElo "2149"]
[PlyCount "63"]
[EventDate "2023.08.10"]
[EventType "swiss"]
[EventCountry "GER"]
[SourceTitle "EXT 2024"]
[Source "ChessBase"]
[SourceDate "2023.10.10"]
[SourceVersion "1"]
[SourceVersionDate "2023.10.10"]
[SourceQuality "1"]

1. d4 c5 2. d5 d6 3. c4 g6 4. e4 Bg7 5. Nc3 Nf6 6. f4 Bg4 7. Nf3 Nbd7 8. Bd3 0-0 9. 0-0 a6 10. a4 e6 11. Re1 exd5 12. cxd5 Qc7 13. h3 Bxf3 14. Qxf3 c4 15. Bf1 Kh8 16. a5 Ng8 17. Be3 Ne7 18. Qe2 Rac8 19. Ra4 f5 20. Qxc4 Qxc4 21. Rxc4 fxe4 22. Rxe4 Rfe8 23. Bf2 Bf6 24. Re6 Kg8 25. Rxd6 Rcd8 26. g4 g5 27. Rde6 Kf7 28. Ne4 Nc8 29. Nxg5+ Bxg5 30. fxg5 Rg8 31. Bd3 Nf8 32. Rf6+ 1-0

[Event "Bad Pyrmont Pape op-B 2nd"]
[Site "Bad Pyrmont"]
[Date "2023.08.12"]
[Round "4"]
[White "Warnig, Marcel"]
[Black "Drews, Nicolas"]
[Result "0-1"]
[WhiteElo "1527"]
[BlackElo "1621"]
[PlyCount "84"]
[EventDate "2023.08.10"]
[EventType "swiss"]
[EventCountry "GER"]
[SourceTitle "EXT 2024"]
[Source "ChessBase"]
[SourceDate "2023.10.10"]
[SourceVersion "1"]
[SourceVersionDate "2023.10.10"]
[SourceQuality "1"]

1. e4 c6 2. d4 d5 3. exd5 cxd5 4. Bd3 Nc6 5. c3 Qc7 6. h3 Nf6 7. Ne2 e5 8. dxe5 Nxe5 9. Bb5+ Bd7 10. Nd4 Bd6 11. 0-0 0-0 12. Bf4 Rfe8 13. Bxe5 Bxe5 14. Bxd7 Qxd7 15. Nf3 Bc7 16. Nbd2 Bb6 17. Nb3 Rad8 18. Nbd4 a6 19. Qc2 Ba7 20. a4 Bxd4 21. Nxd4 b5 22. axb5 axb5 23. Qd3 Rb8 24. b4 Rec8 25. Ra5 Rc4 26. f3 g6 27. Re1 Ne8 28. Nb3 Qd6 29. Kf2 Nc7 30. Nc5 Ne6 31. Ne4 Qb6+ 32. Kf1 dxe4 33. fxe4 Rd8 34. Qc2 Rdc8 35. Ra3 Qc6 36. Re3 Ra8 37. Qa2 Rxa3 38. Qxa3 Rxe4 39. Rf3 Qc4+ 40. Kg1 Re1+ 41. Kh2 Qc7+ 42. g3 Qb7 0-1

[Event "Bad Pyrmont Pape op-B 2nd"]
[Site "Bad Pyrmont"]
[Date "2023.08.11"]
[Round "2"]
[White "Oblender, Rudi"]
[Black "Drews, Nicolas"]
[Result "1/2-1/2"]
[WhiteElo "1437"]
[BlackElo "1621"]
[PlyCount "81"]
[EventDate "2023.08.10"]
[EventType "swiss"]
[EventCountry "GER"]
[SourceTitle "EXT 2024"]
[Source "ChessBase"]
[SourceDate "2023.10.10"]
[SourceVersion "1"]
[SourceVersionDate "2023.10.10"]
[SourceQuality "1"]

1. e4 c6 2. d4 d5 3. exd5 cxd5 4. Nf3 Nc6 5. g3 Bg4 6. Bg2 Nf6 7. c3 e6 8. 0-0 Bd6 9. Re1 0-0 10. Qc2 Bxf3 11. Bxf3 Rc8 12. Qb3 Na5 13. Qd1 h6 14. Bg2 b5 15. a3 Nc4 16. Nd2 Qb6 17. Nxc4 Rxc4 18. Qb3 Rb8 19. Qd1 a5 20. Bf1 Rcc8 21. Bd2 b4 22. axb4 axb4 23. Ra6 Qc7 24. Qa4 Ne4 25. Rxe4 dxe4 26. c4 Bf8 27. Bf4 Qd8 28. Bxb8 Rxb8 29. Qd1 Bc5 30. d5 exd5 31. cxd5 e3 32. fxe3 Bxe3+ 33. Kg2 Rb6 34. b3 Rxa6 35. Bxa6 Qf6 36. Bc4 Qd6 37. Qe1 Qe7 38. d6 Qe4+ 39. Kh3 h5 40. Qe2 Qf5+ 41. Kg2 1/2-1/2